zpět

Detail výsledku týmu

AktOFFka, Buštěhrad

Datum a čas kvízu

23 Celkem bodů Celkový počet nahraných bodů na tomto kvízu bez doplňovacích otázek.
6. Pořadí na kvízu Konečné umístění týmu na tomto kvízu.

Zaznamenané odpovědi

# Otázka Odpověď Body Výsledky
1. Ministr práce a sociálních věc... o 1 600 Kč 1
2. Německý prezident Frank-Walter... v Kataru 0
3. Který anglický hudebník a býva... Peter Gabriel 0
4. Ve středu pravomocně zrušil Mě... proti dopravním přestupkům 1
5. Který bývalý reprezentační bra... Patrik Bartošák 0
6. Když české divadlo, tak hned n... 1881, 1883 0
7. V roce 1787 měla v Praze premi... Nosticovo divadlo 0
8. V 50. letech minulého století... František Filipovský, Harpagon 0
9. V této otázce po vás budeme ch... 1C 2A 3D 4B 0
10. Činoherní klub v Praze je z hl... Ondřej Sokol 1